<?xml version="1.0" encoding="UTF-8"?>
<record
    xmlns:xsi="http://www.w3.org/2001/XMLSchema-instance"
    xsi:schemaLocation="http://www.loc.gov/MARC21/slim http://www.loc.gov/standards/marcxml/schema/MARC21slim.xsd"
    xmlns="http://www.loc.gov/MARC21/slim">

  <leader>00361    a2200121   4500</leader>
  <controlfield tag="005">20250621113857.0</controlfield>
  <datafield tag="082" ind1=" " ind2=" ">
    <subfield code="a">658.84 LEW</subfield>
  </datafield>
  <datafield tag="100" ind1=" " ind2=" ">
    <subfield code="a">LEWIS, E. H. </subfield>
  </datafield>
  <datafield tag="245" ind1=" " ind2=" ">
    <subfield code="a">Marketing Channels: Structure and Strategy </subfield>
  </datafield>
  <datafield tag="260" ind1=" " ind2=" ">
    <subfield code="a">New York, </subfield>
    <subfield code="b">McGraw-Hill, </subfield>
    <subfield code="c">1968. </subfield>
  </datafield>
  <datafield tag="300" ind1=" " ind2=" ">
    <subfield code="a">xii, 174p.: ill.; table, map, figure, </subfield>
    <subfield code="b">Bibliography &amp; index, </subfield>
    <subfield code="c">21cm. </subfield>
  </datafield>
  <datafield tag="942" ind1=" " ind2=" ">
    <subfield code="2">ddc</subfield>
    <subfield code="c">BKS</subfield>
  </datafield>
  <datafield tag="999" ind1=" " ind2=" ">
    <subfield code="c">1232</subfield>
    <subfield code="d">1232</subfield>
  </datafield>
  <datafield tag="952" ind1=" " ind2=" ">
    <subfield code="r">2025-04-09 09:21:31</subfield>
    <subfield code="l">0</subfield>
    <subfield code="o">658.84 LEW</subfield>
    <subfield code="p">0000004023</subfield>
    <subfield code="v">60000.00</subfield>
    <subfield code="w">2025-04-09</subfield>
    <subfield code="y">BKS</subfield>
    <subfield code="1">0</subfield>
    <subfield code="2">ddc</subfield>
    <subfield code="4">0</subfield>
    <subfield code="7">0</subfield>
    <subfield code="0">0</subfield>
    <subfield code="a">CBEML</subfield>
    <subfield code="b">CBEML</subfield>
    <subfield code="c">SPECIAL</subfield>
    <subfield code="d">2025-04-09</subfield>
    <subfield code="g">20000.00</subfield>
  </datafield>
</record>
